The machine that changed the world : (Record no. 4206)
[ view plain ]
| 000 -LEADER | |
|---|---|
| fixed length control field | 01417nac a22002771u 4500 |
| 010 ## - LIBRARY OF CONGRESS CONTROL NUMBER | |
| LC control number | 89063284 |
| 020 ## - INTERNATIONAL STANDARD BOOK NUMBER | |
| International Standard Book Number | 0892563508 : |
| 020 ## - INTERNATIONAL STANDARD BOOK NUMBER | |
| International Standard Book Number | 0029463165 |
| 082 00 - DEWEY DECIMAL CLASSIFICATION NUMBER | |
| Classification number | 338.476292220112 |
| Item number | W87211 |
| 090 ## - LOCALLY ASSIGNED LC-TYPE CALL NUMBER (OCLC); LOCAL CALL NUMBER (OCLC) | |
| -- | 4206 |
| -- | 4206 |
| 100 ## - MAIN ENTRY--PERSONAL NAME | |
| Personal name | Womack, James P. |
| 245 14 - TITLE STATEMENT | |
| Title | The machine that changed the world : |
| Remainder of title | based on the Massachusetts Institute of Technology 5-million dollar 5-year study on the future of the automobile / |
| Statement of responsibility, etc | James P. Womack, Daniel T. Jones, Daniel Roos. |
| 260 ## - PUBLICATION, DISTRIBUTION, ETC. (IMPRINT) | |
| Place of publication, distribution, etc | New York : |
| Name of publisher, distributor, etc | Rawson Associates, |
| Date of publication, distribution, etc | c1990. |
| 300 ## - PHYSICAL DESCRIPTION | |
| Extent | viii, 323 p. : |
| Other physical details | ill. ; |
| Dimensions | 23 cm. |
| 504 ## - BIBLIOGRAPHY, ETC. NOTE | |
| Bibliography, etc | Includes bibliographical references (p. 279-290) and index. |
| 650 #0 - SUBJECT ADDED ENTRY--TOPICAL TERM | |
| Topical term or geographic name as entry element | Automobile industry and trade |
| General subdivision | Forecasting. |
| 700 1# - ADDED ENTRY--PERSONAL NAME | |
| Personal name | Jones, Daniel T. |
| 700 1# - ADDED ENTRY--PERSONAL NAME | |
| Personal name | Roos, Daniel. |
| 710 2# - ADDED ENTRY--CORPORATE NAME | |
| Corporate name or jurisdiction name as entry element | Massachusetts Institute of Technology. |
| 856 42 - ELECTRONIC LOCATION AND ACCESS | |
| Materials specified | Contributor biographical information |
| Uniform Resource Identifier | <a href="http://www.loc.gov/catdir/bios/simon051/89063284.html">http://www.loc.gov/catdir/bios/simon051/89063284.html</a> |
| 856 42 - ELECTRONIC LOCATION AND ACCESS | |
| Materials specified | Publisher description |
| Uniform Resource Identifier | <a href="http://www.loc.gov/catdir/description/simon052/89063284.html">http://www.loc.gov/catdir/description/simon052/89063284.html</a> |
| 856 42 - ELECTRONIC LOCATION AND ACCESS | |
| Materials specified | Table of contents only |
| Uniform Resource Identifier | <a href="http://www.loc.gov/catdir/enhancements/fy0631/89063284-t.html">http://www.loc.gov/catdir/enhancements/fy0631/89063284-t.html</a> |
| 856 42 - ELECTRONIC LOCATION AND ACCESS | |
| Materials specified | Sample text |
| Uniform Resource Identifier | <a href="http://www.loc.gov/catdir/enhancements/fy0641/89063284-s.html">http://www.loc.gov/catdir/enhancements/fy0641/89063284-s.html</a> |
| 942 ## - ADDED ENTRY ELEMENTS (KOHA) | |
| Item type | Book - Borrowing |
| Call number prefix | 338.476292220112W87211 |
| Withdrawn status | Item status | Damaged status | Not for loan | Home library | Current library | Shelving location | Date acquired | Source of acquisition | Total Checkouts | Full call number | Barcode | Date last seen | Koha item type |
|---|---|---|---|---|---|---|---|---|---|---|---|---|---|
| Central Library | Central Library | First floor | 27/08/2007 | Purchase | 338.476292220112 WOM | 000000281 | 15/07/2025 | Book - Borrowing |